Control fiscal en Colombia : (Registro nro. 5786)

Detalles MARC
000 -LEADER
fixed length control field 01055nam a2200265Ia 4500
003 - CONTROL NUMBER IDENTIFIER
control field OSt
005 - DATE AND TIME OF LATEST TRANSACTION
control field 20200827113630.0
008 - FIXED-LENGTH DATA ELEMENTS--GENERAL INFORMATION
fixed length control field 191128s2009 ck fr 001 0 spa d
020 ## - INTERNATIONAL STANDARD BOOK NUMBER
International Standard Book Number 9789588465173
040 ## - CATALOGING SOURCE
Original cataloging agency CO-JMCR
Transcribing agency CO-JMCR
041 0# - LANGUAGE CODE
Language code of text/sound track or separate title spa
082 04 - DEWEY DECIMAL CLASSIFICATION NUMBER
Classification number 350.7232 /
Item number C677c
Edition number 23
100 1# - MAIN ENTRY--PERSONAL NAME
Personal name Corredor Cabrales, Edison Ariel,
Relator term autor
9 (RLIN) 9344
245 10 - TITLE STATEMENT
Title Control fiscal en Colombia :
Remainder of title apuntes de acción y reflexión /
Statement of responsibility, etc. E. Ariel Corredor C.
250 ## - EDITION STATEMENT
Edition statement Primera edición
260 ## - PUBLICATION, DISTRIBUTION, ETC.
Place of publication, distribution, etc. Bogotá :
Name of publisher, distributor, etc. Universidad Católica de Colombia,
Date of publication, distribution, etc. 2009
300 ## - PHYSICAL DESCRIPTION
Extent 344 páginas ;
Dimensions 21 cm.
490 0# - SERIES STATEMENT
Series statement Estudios de derecho ;
Volume/sequential designation 4
500 ## - GENERAL NOTE
General note Incluye índice onomástico y notas a pie de páginas.
504 ## - BIBLIOGRAPHY, ETC. NOTE
Bibliography, etc. note Bibliografía: páginas 329-340
505 0# - FORMATTED CONTENTS NOTE
Formatted contents note Teoría general del control y del control fiscal, historia general y desarrollo en Colombia -- Teoría del daño. Historia y tipología, breve reseña histórica de la responsabilidad
650 14 - SUBJECT ADDED ENTRY--TOPICAL TERM
Topical term or geographic name entry element Administración pública
9 (RLIN) 9345
650 14 - SUBJECT ADDED ENTRY--TOPICAL TERM
Topical term or geographic name entry element Auditoria fiscal
9 (RLIN) 4375
942 ## - ADDED ENTRY ELEMENTS (KOHA)
Source of classification or shelving scheme Dewey Decimal Classification
Koha item type Books
Existencias
Withdrawn status Lost status Source of classification or shelving scheme Damaged status Not for loan Collection code Home library Current library Date acquired Source of acquisition Full call number Barcode Date last seen Copy number Koha item type
    Dewey Decimal Classification     Non-fiction Biblioteca Pública José María del Castillo y Rada Biblioteca Pública José María del Castillo y Rada 01/15/2018 Donación 350.7232 / C677c 430009426 05/16/2024 Ej.1 Books